000 00592nam a2200229Ia 4500
003 OSt
005 20221005124533.0
006 a|||||r|||| 00| 0
007 ta
008 221004b |||||||| |||| 00| 0 mal d
024 _a55223
037 _cTextual
040 _aCRL
_cCRL
_bmal
041 _2mal
_amal
082 _aO32,1M71,11:g, L7
100 _aSivadasan M Au.
_9635395
245 0 _aNalini
_b oru patanam
260 _c1977
650 _aMALAYALAM POETRY
_9185636
942 _hO32,1M71,11:g, L7
_cTEXL
_2cc
999 _c1050793
_d1050793